Las Casas en México: exposición bibliográfica conmemorativa del cuarto centenario de su muerte 1566-1966
Gardado en:
| Autor Principal: | |
|---|---|
| Formato: | Libro |
| Idioma: | Lingua castelá |
| Publicado: |
Ciudad de México
UNAM
1967
|
| Series: | Anejos al Boletín de la Biblioteca Nacional, 2
|
| Subjects: | |
| Tags: |
Engadir etiqueta
Sen Etiquetas, Sexa o primeiro en etiquetar este rexistro!
|
MARC
| LEADER | 00000nam a2200000 a 4500 | ||
|---|---|---|---|
| 001 | UCZ6135 | ||
| 003 | CL-VaPUC | ||
| 008 | 951201e19670000MX |||||||||||||||||spa|d | ||
| 082 | 0 | 4 | |a 980.72 |b MEJ |2 21 |
| 100 | |a Mejía Sánchez, Ernesto |e autor |9 350358 | ||
| 245 | 1 | 4 | |a Las Casas en México: exposición bibliográfica conmemorativa del cuarto centenario de su muerte 1566-1966 |
| 300 | |a 169 p | ||
| 942 | |c BK | ||
| 945 | |d 19951201 00:00:00 |a cmena | ||
| 260 | |a Ciudad de México |b UNAM |c 1967 | ||
| 600 | 0 | 7 | |a LAS CASAS, BARTOLOME DE |2 CL-VaPUC |9 350359 |
| 650 | 7 | |a HISTORIA MEXICANA |2 CL-VaPUC |9 333909 | |
| 650 | 0 | |a Indígenas |9 317064 | |
| 650 | 0 | |a Derechos y priviliegios |9 338404 | |
| 583 | |a last modification |c 19951201 00:00:00 |k Rodrigo Vera | ||
| 490 | 0 | |a Anejos al Boletín de la Biblioteca Nacional, 2 | |
| 999 | |c 242391 |d 242389 | ||
| 952 | |0 0 |1 0 |4 0 |6 980_720000000000000_MEJ_1967 |7 0 |8 P |9 255289 |a BIBEDU |b BIBEDU |c BIBEDU_PB |d 2019-11-19 |i 1600079 |o 980.72 MEJ 1967 |p 1600079 |r 2024-01-25 |w 2019-11-19 |y BK |k FIL | ||